地学系の学科名 - Statistics

General Stats
  • This quiz has been taken 4 times
  • The average score is 19 of 36
Answer Stats
Hint 学部名 Answer % Correct
筑波大学 生命環境学群 地球学類
100%
山形大学 理学部理学科 地球科学コースカリキュラム
75%
茨城大学 理学部理学科 地球環境科学コース
75%
千葉大学 理学部 地球科学科
75%
金沢大学 理工学域地球社会基盤学類 地球惑星科学コース
75%
信州大学 理学部理学科 地球学コース
75%
静岡大学 理学部 地球科学科
75%
京都大学 理学部理学科 地球惑星科学系
75%
島根大学 総合理工学部 地球科学科
75%
愛媛大学 理学部理学科 地学コース
75%
熊本大学 理学部理学科 地球環境科学コース
75%
鹿児島大学 理学部理学科 地球科学プログラム
75%
早稲田大学 教育学部理学科 地球科学専修
75%
日本大学 文理学部 地球科学科
75%
神奈川大学 理学部理学科 地球環境科学コース
75%
北海道大学 理学部 地球惑星科学科
50%
富山大学 都市デザイン学部 地球システム科学科
50%
名古屋大学 理学部 地球惑星科学科
50%
神戸大学 理学部 惑星学科
50%
九州大学 理学部 地球惑星科学科
50%
琉球大学 理学部 物質地球科学科
50%
大阪公立大学 理学部 地球学科
50%
岡山理科大学 生物地球学部 生物地球学科
50%
弘前大学 理工学部 地球環境防災科学科
25%
東北大学 理学部 宇宙地球物理学科
25%
地圏環境科学科
25%
地球惑星物質科学科
25%
秋田大学 国際資源学部国際資源学科 資源地球科学コース
25%
東京大学 理学部 地球惑星環境学科
25%
地球惑星物理学科
25%
新潟大学 理学部理学科 地質科学プログラム
25%
広島大学 理学部 地球惑星システム学科
25%
山口大学 理学部 地球圏システム科学科
25%
高知大学 理工学部 地球環境防災学科
25%
立正大学 地球環境科学部 環境システム学科
25%
福岡大学 理学部 地球圏科学科
0%
No matching quizzes found
Score Distribution
Percent of People with Each Score
Percentile by Number Answered
Your Score History
You have not taken this quiz